000 00706nam a2200145Ia 4500
001 6612
008 260622s9999 xx 000 0 und d
245 0 _aAl Ma'mal Foundation for Contemporary Art Jerusalem/
_bمؤسسة المعمل للفن المعاصر- القدس
260 _aJerusalem;
_bAl Ma'mal Foundation for Contemporary Art;
_c2007
300 _a130p;
_cA4 spiral bound book
520 _aArtist portfolios: Jawad al Malhi, Khaled Hourani, Nabil Anani, Rula Halawani, Sliman Mansour, Tayseer Barakat, Vera Tamari, Tarek al Ghoussein, Jumana Emil Abboud, Sharif Waked.
650 _aNX798-820 Arts centers and facilities
_95643
651 _aLevant
_zPalestine فلسطين
_99451
942 _cBK
999 _c6612
_d6612